[Event "Dortmund SuperGM 38th"]
[Site "Dortmund"]
[Date "2010.07.21"]
[Round "6"]
[White "Le, Quang Liem"]
[Black "Kramnik, Vladimir"]
[Result "1/2-1/2"]
[WhiteElo "2681"]
[BlackElo "2790"]
[Annotator "Le Quang Liem"]
[PlyCount "77"]
[EventDate "2010.07.15"]
[EventType "tourn"]
[EventRounds "10"]
[EventCountry "GER"]
[EventCategory "20"]
[SourceTitle "CBM 138"]
[Source "ChessBase"]
[SourceDate "2010.09.17"]
[SourceVersion "1"]
[SourceVersionDate "2010.09.17"]
[SourceQuality "1"]

1. d4 d5 2. Nf3 Nf6 3. c4 e6 4. g3 Be7 5. Bg2 O-O 6. O-O dxc4 {The Open
Catalan, which is considered to be a solid choice for Black.} 7. Qc2 a6 8. Qxc4
({The alternative is} 8. a4) 8... b5 9. Qc2 Bb7 10. Bd2 Be4 11. Qc1 Bb7 12. Bf4
(12. Rd1 {is another possibility}) 12... Nd5 13. Nc3 Nxf4 14. Qxf4 Qd6 (14...
Nd7 {is more often played. But recently some players have tried the move in
the game.}) 15. Ne5 Bxg2 16. Kxg2 Nd7 {Following the game Dominguez-Carlsen,
Amber Blindfold 2010. Obviously Carlsen's idea is quite playable for Black.}
17. Rac1 $146 {This is my new idea, which I found at home. Although if Black
manages to make some good moves, he should not have any problems.} ({I did not
like Dominguez's move} 17. Nxd7 {, as after} Qxd7 18. Rfd1 Rac8 19. Qf3 Rfd8
20. Rac1 h6 21. e3 b4 22. Ne4 Qa4 23. Ra1 Rd5 {Black was at least not worse.})
17... Nxe5 18. dxe5 Qb6 19. Ne4 $36 Rad8 ({It is worth mentioning that a
natural move such as} 19... h6 {would be a mistake because of} 20. Nf6+ $1) 20.
Rfd1 ({Now} 20. Nf6+ {does not work because of the simple reply} Kh8) 20... c5
{Indirectly taking control of d7, thus preventing Nf6 again, and also creating
the threat to exchange all the rooks on d-file. However this move weakens
d6-square, which is a nice place for my knight.} ({Rook exchanges} 20... Rxd1
21. Rxd1 Rd8 22. Rxd8+ Bxd8 {favours White, as White queen penetrates just in
time} 23. Qd2 Qb8 24. Qd7 $16) 21. Nd6 c4 $6 (21... f6 $142 22. Qg4 f5 23. Qf4
h6 24. Rc2 Rd7 25. Qe3 Bxd6 26. exd6 Rxd6 {and the position looks drawish.}) (
21... Qc6+ 22. f3 f6 $2 {runs into} 23. Qg4 f5 24. Qd4 $1 $16) 22. b3 cxb3 ({
My engine suggests} 22... g5 {, but it hardly suits a human. After} 23. Qd4
Qxd4 24. Rxd4 f6 25. f4 {White still maintains his slight advantage and some
pratical chances.}) 23. axb3 a5 24. Rd3 $6 {This move, connected with the idea
to trap the Black queen a few moves later, was actually only leading to a draw.
It came as a wrong evaluation of the forthcoming endgame.} ({Clearly the best
move would be} 24. Qe4 {,threatens Rc6} f5 (24... Bxd6 25. Rc6 Qb7 26. exd6 Rc8
27. Rdc1 $16 (27. d7 Rcd8 28. Rxe6 Rxd7 29. Qxb7 Rxb7 30. Ra6 a4 31. bxa4 bxa4
32. Rxa4 {is not enough for a win})) 25. Qf3 Bxd6 (25... a4 26. Rc6 Qb8 27. Qc3
$14) 26. Rc6 Qb7 27. exd6 Rd7 (27... a4 28. Rc7 Qxf3+ 29. Kxf3 {White keeps
some chances}) 28. Ra1 {and White enjoys a long lasting advantage, though it
is still far from winning.}) 24... a4 25. bxa4 bxa4 26. Qxa4 Bxd6 $1 {So, my
opponent managed to eliminate all queenside pawns. The cost is the queen
sacrifice for a rook and a knight.} (26... Qb2 27. Qf4 Qxe2 28. Rd2 Qh5 29. Qd4
{White is slightly better.}) 27. Rb3 Qxb3 28. Qxb3 Bxe5 {Although all engines
give a big plus for White, it is obvious that White can not win this position.
Black's play is relatively simple and safe: try to exchange a pair of rooks
and build a fortress. I could not do anything against that, so we quickly
repeated moves.} 29. h4 g6 30. h5 Bg7 31. Rc5 Rd7 32. Rb5 Rfd8 33. Qf3 Rd5 34.
Rxd5 Rxd5 35. hxg6 hxg6 36. Qe4 Bf6 37. Qf3 Bg7 38. Qe4 Bf6 39. Qf3 1/2-1/2

[Event "Dortmund SuperGM 38th"]
[Site "Dortmund"]
[Date "2010.07.22"]
[Round "7"]
[White "Kramnik, Vladimir"]
[Black "Ponomariov, Ruslan"]
[Result "1/2-1/2"]
[WhiteElo "2790"]
[BlackElo "2734"]
[Annotator "Krasenkow,M"]
[PlyCount "73"]
[EventDate "2010.07.15"]
[EventType "tourn"]
[EventRounds "10"]
[EventCountry "GER"]
[EventCategory "20"]
[SourceTitle "CBM 138"]
[Source "ChessBase"]
[SourceDate "2010.09.17"]
[SourceVersion "1"]
[SourceVersionDate "2010.09.17"]
[SourceQuality "1"]

1. d4 Nf6 2. c4 e6 3. Nf3 b6 4. g3 Bb7 5. Bg2 Be7 6. O-O O-O 7. Re1 a5 {
A rare move... and an even rarer reply!} 8. a3 (8. Nc3 {and}) (8. Bf4 {are
usually played.}) 8... Na6 {Black consequently waits for Nb1-c3 in order to
play ...Nf6-e4 in reply.} (8... Re8 {is also possible, with the same idea:} 9.
Bf4 d5 10. Ne5 Nbd7 11. Nc3 Ne4 12. Nxe4 dxe4 13. Qa4 Nxe5 14. dxe5 Qd4 15. Qc2
g5 $1 16. Red1 Qc5 17. b4 axb4 18. axb4 Qxb4 19. Bd2 Qc5 20. Bxe4 Rxa1 21. Rxa1
Bxe4 22. Qxe4 Rd8 $11 {1/2 Ikonnikov,V (2592)-Spoelman,W (2448)/Vlissingen
2008/CBM 125 Extra (29)}) (8... d5 9. cxd5 exd5 {leads to a completely
different kind of position, which is rather comfortable for White. In the
following game, however, Black seized the initiative:} 10. Nc3 Ne4 11. Qc2 Nd7
12. Be3 f5 13. Qb3 c6 14. Nxe4 $6 (14. Rac1 $142 $14) 14... fxe4 15. Nd2 a4 16.
Qa2 Kh8 17. f3 Bg5 18. Bxg5 Qxg5 19. Nf1 c5 20. Rad1 cxd4 21. Rxd4 Nc5 $1 $36 {
1/2 Zatonskih,A (2440)-Hernandez Carmenates,H (2580)/Merida 2008/CBM 127 Extra
(63)}) 9. Nc3 Ne4 10. Qc2 Nxc3 11. Qxc3 f5 12. Bf4 Bf6 13. Rad1 {This allows
the black knight to powerfully enter the game.} (13. Qd2 $142 $14) 13... Nc5
14. Be5 $6 (14. Nd2 $142 {preventing ...Nc5-e4.}) 14... Ne4 {[%csl Ge4]} 15.
Qc2 d6 16. Nd2 $5 {Better late than never!} Bg5 $1 17. Bf4 Bxf4 18. gxf4 Qh4
19. Nxe4 Bxe4 20. Bxe4 fxe4 21. Qxe4 Rae8 (21... Qg4+ $5 22. Kh1 Qxf4 23. Qxe6+
Kh8 24. f3 Rae8 $44 {Black, however, takes a simpler course.}) 22. e3 e5 {
This leads to simplifications and a draw. White can't keep his extra pawn.} 23.
dxe5 dxe5 24. Qd5+ Kh8 25. Qf3 exf4 26. exf4 Rxe1+ 27. Rxe1 Qf6 28. b4 axb4 29.
axb4 g5 30. f5 Qxf5 31. Qxf5 Rxf5 32. Re7 c5 33. Rb7 Rf4 34. Rb8+ Kg7 35. Rb7+
Kh8 36. Rb8+ Kg7 37. Rb7+ 1/2-1/2

[Event "Dortmund SuperGM 38th"]
[Site "Dortmund"]
[Date "2010.07.25"]
[Round "10"]
[White "Kramnik, Vladimir"]
[Black "Mamedyarov, Shakhriyar"]
[Result "1-0"]
[WhiteElo "2790"]
[BlackElo "2761"]
[Annotator "Krasenkow,M"]
[PlyCount "61"]
[EventDate "2010.07.15"]
[EventType "tourn"]
[EventRounds "10"]
[EventCountry "GER"]
[EventCategory "20"]
[SourceTitle "CBM 138"]
[Source "ChessBase"]
[SourceDate "2010.09.17"]
[SourceVersion "1"]
[SourceVersionDate "2010.09.17"]
[SourceQuality "1"]

1. d4 Nf6 2. c4 e6 3. Nf3 d5 4. Nc3 Bb4 5. Bg5 Nbd7 6. cxd5 exd5 7. e3 c5 8.
dxc5 Qa5 9. Rc1 Ne4 10. Qxd5 Nxc3 11. bxc3 Bxc3+ 12. Kd1 O-O {This line was
thoroughly examined by GM I.Stohl in his annotations to Kramnik - Ponomariov 
(CBM 133).} 13. Bc4 (13. Be7 $6 Re8 14. Bd6 Nf6 15. Qb3 Ne4 16. Bc4 Be6 17. Ke2
Bxc4+ 18. Qxc4 b5 19. Qd5 b4 $17 {1/2 Gurevich,D (2578)-Gareev,T (2614)/Irvine
USA 2010/The Week in Chess 822 (53)}) 13... Nf6 14. Bxf6 Bxf6 15. Ke2 b5 16.
cxb6 $146 {[%mdl 8] A simple course, instead of the unclear and complicated} (
16. c6 Ba6 17. Qf5 $5 Qa3 $2 (17... Bb2 18. Rc2 g6 $13 {I.Stohl}) 18. Bd3 Rfd8
19. c7 $2 (19. Qxh7+ Kf8 20. c7 $16 {I.Stohl}) 19... Qxa2+ 20. Nd2 Rxd3 $1 21.
Qxd3 b4 $13 {1-0 Kramnik,V (2772)-Ponomariov,R (2739)/Moscow 2009/CBM 133/
[Stohl] (81)}) 16... Qxd5 $6 (16... axb6 $142 17. Qxa5 Rxa5 18. Rhd1 (18. Rc2
Bf5 $44) 18... Ba6 {with good drawing chances as Black recaptures the a2 pawn.}
) 17. Bxd5 Ba6+ 18. Bc4 axb6 19. a4 {White now keeps his extra pawn. The best
Black can get is the endgame "R+B+3p" vs. "R+N+4p" with pawns on the same side,
which is not easy to hold.} Bb2 20. Rc2 Rfc8 21. Nd2 b5 22. axb5 Bxb5 23. Rb1
Bxc4+ 24. Rxc4 Bf6 25. Rxc8+ Rxc8 {[%mdl 4096]} 26. Ne4 Re8 27. f4 ({The rook
endgame after} 27. Nxf6+ gxf6 {is drawn - here doubled pawns help Black's
defence.}) 27... Bd4 $4 {A strange decision. Black himself creates a passed
pawn for White, after which the rook ending will be winning for him. Something
wrong with the nerves?} (27... Be7 {, tenaciously defending.}) 28. exd4 Rxe4+
29. Kd3 f5 30. g3 Re7 31. Rb5 (31. Rb5 g6 32. d5 Kf7 33. Kd4 h5 34. d6 Re2 35.
Re5 $18 {[%csl Gd6]}) 1-0

[Event "Shanghai Masters"]
[Site "Shanghai"]
[Date "2010.09.05"]
[Round "3"]
[White "Kramnik, Vladimir"]
[Black "Aronian, Levon"]
[Result "1/2-1/2"]
[WhiteElo "2790"]
[BlackElo "2783"]
[Annotator "CB"]
[PlyCount "75"]
[EventDate "2010.09.03"]
[EventType "tourn"]
[EventRounds "6"]
[EventCountry "CHN"]
[EventCategory "21"]
[SourceTitle "CBM 138"]
[Source "ChessBase"]
[SourceDate "2010.09.17"]
[SourceVersion "1"]
[SourceVersionDate "2010.09.17"]
[SourceQuality "1"]

1. d4 d5 2. c4 c6 3. Nf3 Nf6 4. Nc3 dxc4 5. a4 Bf5 6. e3 e6 7. Bxc4 Bb4 8. O-O
Nbd7 9. Qe2 O-O 10. e4 Bg6 11. Bd3 Bh5 12. e5 Nd5 13. Nxd5 cxd5 14. Qe3 Re8 15.
Bd2 {Kramnik has faced this line as Black twice before. Once against Topalov
in 2006, and again in 2008, against Anand.} Be7 {#The databases will assert
this is a theoretical novelty, and rightly so. However, this is still analyzed
theory. From where, you might ask? From the special Rybka 4 opening book,
where this was analyzed in detail.} 16. Rfc1 a6 17. Ng5 {Finally the players
deviate from the analysis which had b4 as the recommended move.} h6 18. Nh3 Bg6
19. Nf4 {An intriguing decision.} ({Was there a compelling reason to not play} 
19. Bxg6 fxg6 20. Qb3 Qb6 21. Qd3 Nf8 22. a5 {with a nice advantage for White.}
) 19... Bg5 20. Be2 {Kramnik sticks to his guns. He clearly feels that he is
better off not exchanging Black's bad bishop for his good, even if at the gain
of the pawn structure.} Bh7 21. g3 Nb8 22. h4 Be7 23. Nd3 Bf8 24. b4 Re7 25.
Bf1 Nc6 26. Nc5 a5 27. b5 Nb8 28. Rc3 Rc7 29. Rac1 Nd7 {#} 30. Nb3 $4 {A
mistake that throws the advantage away.} ({After} 30. Qf4 {removing the queen
from the 3rd rank. The threat of Nxd7 or Nxe6 would force Black to exchange
knights with} Nxc5 (30... Rac8 31. Nxb7) (30... b6 31. Nxe6 $1) (30... Rcc8 31.
Nxb7) 31. dxc5 {and Black may be strategically lost already.}) 30... Rxc3 31.
Qxc3 Ba3 32. Ra1 Bb4 33. Qb2 Qf8 34. Nc1 Be7 35. Nb3 Bb4 36. Nc1 Be7 37. Nb3
Bb4 38. Nc1 1/2-1/2

[Event "Shanghai Masters playoff"]
[Site "Shanghai"]
[Date "2010.09.08"]
[Round "2"]
[White "Aronian, Levon"]
[Black "Kramnik, Vladimir"]
[Result "1-0"]
[WhiteElo "2783"]
[BlackElo "2780"]
[Annotator "CB"]
[PlyCount "118"]
[EventDate "2010.09.08"]
[EventType "match (rapid)"]
[EventRounds "3"]
[EventCountry "CHN"]
[SourceTitle "CBM 138"]
[Source "ChessBase"]
[SourceDate "2010.09.17"]
[SourceVersion "1"]
[SourceVersionDate "2010.09.17"]
[SourceQuality "1"]

1. Nf3 d5 2. g3 c6 3. Bg2 Bg4 4. O-O Nd7 5. d3 e5 6. Qe1 Ngf6 7. e4 dxe4 8.
dxe4 Bc5 9. Nbd2 O-O 10. h3 Bh5 11. Nc4 Re8 12. Nh4 b5 13. Na5 Qc7 14. a4 Bb6
15. Nb3 a6 16. Bg5 c5 17. a5 Ba7 18. c4 Rab8 19. Nd2 h6 20. Be3 Nf8 21. f4 exf4
22. Bxf4 Qd8 23. Nf5 Ne6 24. e5 $2 (24. Bxb8 $1) 24... Nd4 $2 (24... Nxf4 25.
gxf4) 25. Nd6 Re6 26. Qf2 Ne8 27. g4 Nxd6 28. exd6 Re2 29. gxh5 Rxf2 30. Rxf2
Qh4 31. Re1 Ne6 32. Bh2 bxc4 33. Re4 Qxh5 34. Nxc4 Qd1+ 35. Rf1 Qc2 36. d7 Rd8
37. Ne5 Bb8 $2 {#} 38. Nxf7 $1 Bxh2+ 39. Kxh2 Rxd7 40. Rxe6 $1 Rd2 ({If} 40...
Rxf7 $2 {then} 41. Re8+ Rf8 42. Rfxf8+ Kh7 {wins.}) 41. Re8+ Kh7 42. Rg1 Qf5
43. Rf8 Qf4+ 44. Kh1 Rxg2 45. Rxg2 Qf1+ 46. Kh2 Qf4+ 47. Kg1 Qc1+ 48. Kf2 Qd2+
49. Kf3 Qd3+ 50. Kf2 Qd2+ 51. Kg3 Qe3+ 52. Kh2 Qf4+ 53. Kg1 Qc1+ 54. Kf2 Qd2+
55. Kf3 Qd3+ 56. Kg4 Qe4+ 57. Kg3 Qe3+ 58. Kh4 $1 {A blunder. You might ask
why there is an "!" instead of the usual "?" denoting a mistake. The reason is
that if he were to play the 'correct' Kh2, it would lead to a three-fold
repetition which would lose the playoff on the spot. Aronian needs to prolong
it by any means possible.} Qf4+ 59. Rg4 Qf2+ {Black lost on time.} 1-0

[Event "Grand Slam Final 3rd"]
[Site "Bilbao"]
[Date "2010.10.14"]
[Round "5"]
[White "Kramnik, Vladimir"]
[Black "Anand, Viswanathan"]
[Result "1/2-1/2"]
[WhiteElo "2780"]
[BlackElo "2800"]
[Annotator "Edouard,R"]
[PlyCount "73"]
[EventDate "2010.10.09"]
[EventType "tourn"]
[EventRounds "6"]
[EventCountry "ESP"]
[EventCategory "22"]
[SourceTitle "CBM 139"]
[Source "ChessBase"]
[SourceDate "2010.11.18"]
[SourceVersion "1"]
[SourceVersionDate "2010.11.18"]
[SourceQuality "1"]

1. d4 Nf6 2. c4 e6 3. Nf3 d5 4. Nc3 dxc4 5. e4 Bb4 6. Bg5 c5 7. Bxc4 cxd4 8.
Nxd4 Qa5 $5 (8... Bxc3+ 9. bxc3 Qa5 {is more common.}) 9. Bd2 (9. Bb5+ {and}) (
9. Bxf6 {are the 2 other options.}) 9... Qc5 (9... O-O {is also possible.}) 10.
Bb5+ Bd7 (10... Nbd7 11. Nb3 Qb6 12. O-O Bxc3 13. Bxd7+ Bxd7 14. Bxc3 Nxe4 15.
Bxg7 Rg8 16. Bd4 Qb5 {was critical recently: Grischuk-Morozevich 2009,
Moiseenko-Romanov 2010.}) 11. Nb3 Qe7 12. Bd3 Nc6 13. O-O O-O 14. a3 Bd6 15.
Kh1 $5 $146 {This prophylactic move could make some differences in many lines.}
(15. f4 e5 16. f5 Nd4 17. Bg5 Bc6 18. Bc4 Qd8 19. Nd5 Bxd5 20. Bxd5 Be7 21.
Bxf6 Bxf6 22. Kh1 Rc8 23. Rc1 Qb6 24. Rc3 Rxc3 25. bxc3 Nxb3 26. Bxb3 Qe3 27.
Qf3 Qxf3 28. Rxf3 Rc8 29. a4 Rc5 30. g3 Kf8 31. Rd3 {1/2-1/2 Wang-Gelfand,
Romania 2010}) (15. Bg5 h6 16. Bh4 Bf4 17. Ne2 e5 $6 18. Nxf4 exf4 19. f3 Be6
20. Bf2 Rfd8 21. Nc5 Ne5 22. Qb1 Bc4 23. Rd1 Rac8 24. Bxc4 Nxc4 25. Rxd8+ Qxd8
26. Qc1 Ne3 27. Bxe3 fxe3 28. Qxe3 $18 {and Kramnik eventually beat Lautier in
a blind game in Monte Carlo, 1998.}) 15... Be5 $5 {Strange at first sight, but
played very fast by Anand. This looks like the same scenario as their first
game. Tere Anand was White, played a novelty, and Kramnik drew with much more
time on clock.} 16. f4 Bxc3 17. Bxc3 e5 18. f5 Rfd8 19. Qe2 b6 20. Nd2 ({
Launching an attack like} 20. g4 {would be met by} h6 21. Rg1 (21. h4 Nh7 22.
Be1 a5 $132) 21... Nd4 $1 22. Nxd4 exd4 23. Bxd4 Bc6 24. Bxf6 Qxf6 $44) 20...
Bc8 21. Nf3 Bb7 22. Rae1 a6 23. Bc4 b5 24. Ba2 h6 25. Bd5 $5 {Here I guess
Kramnik realized that he has no advantage, and tried this shot in spite of the
fact it's only making draw.} Nxd5 26. exd5 Rxd5 27. f6 $1 {[#]} Qxf6 ({Of
course not} 27... gxf6 $2 {which would be terrible because of} 28. Nh4 {
and a winning attack (Qh5, Re3).}) 28. Nxe5 Qe6 29. Nxf7 Qxe2 30. Rxe2 Rd7 {
The coolest move, making a draw at once. Here let's just write down some funny
computer ideas.} (30... Rf8 $6 {would give White a chance:} 31. Ref2 $1 (31.
Kg1 $11) 31... Re8 32. Nxh6+ $1 gxh6 33. Rf7 Re7 $8 34. Rf8+ Kh7 35. Rh8+ Kg6
36. Rf6+ Kh5 (36... Kg7 37. Rxc6+ Ree5 $8 38. Rc7+ Kxh8 39. h3 $1 $16) 37.
Rhxh6+ Kg5 38. h4+ Kg4 39. Kh2 Ne5 40. Rh8 Rg7 41. Re6 Kf5 42. Rxe5+ Rxe5 43.
Rh5+ Kg4 44. Rxe5 Kxh4 45. Re2 $14 {is given by the computer at a decent depth,
which should be drawn anyway.}) (30... a5 31. Re6 $1 b4 32. Nxh6+ $1 gxh6 (
32... Kh7 $5 33. Bxg7 $1 Ba6 34. Rfe1 Bb7 35. Rf1 $1 $11) 33. Rg6+ Kh7 34. Rg7+
Kh8 35. Bf6 Rf8 36. Rf7+ Kg8 37. Rg7+ Kh8 38. Rg6+ Kh7 39. Rg7+ Kh8 $11) 31.
Ne5 Re7 32. Ree1 Nxe5 33. Rxe5 Rxe5 34. Bxe5 Re8 35. Re1 Kh7 36. Bc3 Rxe1+ 37.
Bxe1 1/2-1/2

[Event "Grand Slam Final 3rd"]
[Site "Bilbao"]
[Date "2010.10.15"]
[Round "6"]
[White "Shirov, Alexei"]
[Black "Kramnik, Vladimir"]
[Result "1/2-1/2"]
[WhiteElo "2749"]
[BlackElo "2780"]
[Annotator "Edouard,R"]
[PlyCount "67"]
[EventDate "2010.10.09"]
[EventType "tourn"]
[EventRounds "6"]
[EventCountry "ESP"]
[EventCategory "22"]
[SourceTitle "CBM 139"]
[Source "ChessBase"]
[SourceDate "2010.11.18"]
[SourceVersion "1"]
[SourceVersionDate "2010.11.18"]
[SourceQuality "1"]

1. d4 Nf6 2. c4 e6 3. Nc3 Bb4 4. f3 $5 {This line is getting more and more
popular.} d5 5. a3 Bxc3+ 6. bxc3 c5 7. cxd5 Nxd5 8. dxc5 Qa5 (8... f5 {occured
in Anand-Kramnik, in their match in Bonn (2008), game 2.}) 9. e4 Nf6 10. Be3
O-O 11. Qb3 Nfd7 12. a4 Qc7 13. Qa3 b6 14. a5 Bb7 $146 {Nice novelty by
Kramnik!} (14... bxc5 {was the usual move.}) 15. a6 {One of the best tries
according to Deep Rybka 4.} Bc8 16. Bb5 Nxc5 17. Bxc5 bxc5 18. Ne2 Bd7 19. Bc4
{From now Kramnik started to think some 5 minutes per move. I think the text
move shouldn't be the only one to equalize, though Black must pay some
attention due to White's space advantage.} Bc6 $5 {Giving the c-pawn for
long-term compensations. This reminds, for instance, some of the positions in
the Bc4-Ne2 line in the Grunfeld. Black's safe development and pressure on the
c-file is enough to compensate for an extra c-pawn.} (19... Be8 $5) 20. Qxc5
Nd7 21. Qa5 Rfc8 22. Qxc7 {I I think after this move, White has no winning
chances at all.} (22. O-O $5 {should be a better try, though Black should be
able to draw by force, somehow.}) 22... Rxc7 23. Nd4 Bxe4 {After this move,
Kramnik started to play fast until the draw was agreed.} 24. Bxe6 fxe6 25. fxe4
Rxc3 26. O-O Nc5 27. e5 h6 28. Rfc1 Rxc1+ 29. Rxc1 Nxa6 30. Nxe6 Re8 31. Nd4
Rxe5 32. Ra1 Re4 33. Rxa6 Rxd4 34. Rxa7 1/2-1/2

[Event "Moscow Tal Memorial 5th"]
[Site "Moscow"]
[Date "2010.11.05"]
[Round "1"]
[White "Aronian, Levon"]
[Black "Kramnik, Vladimir"]
[Result "1-0"]
[WhiteElo "2783"]
[BlackElo "2790"]
[Annotator "Mueller,Karsten"]
[PlyCount "81"]
[EventDate "2010.11.05"]
[EventType "tourn"]
[EventRounds "9"]
[EventCountry "RUS"]
[EventCategory "21"]
[SourceTitle "CBM 139"]
[Source "ChessBase"]
[SourceDate "2010.11.18"]
[SourceVersion "1"]
[SourceVersionDate "2010.11.18"]
[SourceQuality "1"]

1. d4 Nf6 2. c4 e6 3. Nc3 Bb4 4. Nf3 d5 5. cxd5 exd5 6. Bg5 h6 7. Bh4 c5 8.
dxc5 Nbd7 9. Rc1 Qa5 10. a3 Bxc3+ 11. Rxc3 Ne4 12. b4 Nxc3 13. Qa1 Qa4 14. Qxc3
O-O 15. e3 a5 16. b5 Nxc5 17. Qxc5 Bf5 18. Qd4 Qxa3 19. Be2 Qb4+ 20. Qxb4 axb4
21. Nd4 Ra1+ 22. Bd1 Bh7 23. Nb3 Rb1 24. Nd2 Rb2 25. Bg3 Rc8 26. Be5 Ra2 27.
Nb3 Bc2 28. Bxc2 Rcxc2 29. O-O f6 30. Bd4 Ra3 31. Na1 Rd2 32. h3 Rad3 33. Kh2
Ra3 34. b6 h5 35. Rb1 Rxf2 36. Nb3 Raa2 37. Rg1 {Schwarz muss auf der Hut sein,
dass der weiße Springer seinen b-Bauern nicht schnell einsammeln und
rechtzeitig zurückkehren kann:} Kh7 $2 {Dafür hat Schwarz keine Zeit.} ({
Wenn er mittels} 37... h4 {den weißen König am Verlassen seines Hauses hindert,
ist die Stellung im Gleichgewicht, z.B.} 38. Nc5 Rad2 39. Nxb7 b3 40. Na5 b2
41. b7 Rxg2+ 42. Rxg2 Rxg2+ 43. Kxg2 b1=Q 44. Ba7 $11) 38. Nc5 Rfd2 $2 {
Ein Fehler kommt selten allein, aber nun ist guter Rat bereits teuer, z.B.} (
38... Rad2 39. h4 $1 {Baut dem König einen Ausgang.} ({Das überhastete} 39.
Nxb7 $2 b3 40. Na5 b2 41. b7 Rxg2+ 42. Rxg2 Rxg2+ 43. Kxg2 b1=Q 44. Ba7 {
wäre dagegen nur remis, weil Schwarz im Bauernrennen schneller ist.}) 39... g5
(39... f5 40. Be5 $16) 40. Kh3 g4+ (40... gxh4 41. Nxb7 b3 42. Bb2 Rde2 (42...
Rxb2 43. Nd8 Rxg2 44. Rxg2 Rxg2 45. b7 Rg3+ 46. Kh2 Rxe3 47. b8=Q $18) 43. Nd6
Rxe3+ 44. Kh2 Re7 45. Bd4 Rf4 46. Bc5 Rg4 47. b7 Rg8 48. Rb1 $18) 41. Kg3 Rfe2
42. Ne6 b3 43. Nf4 Rf2 44. Nd3 Rf5 (44... Rfe2 45. Nc1 Rxd4 46. Nxe2 Rb4 47.
Rb1 $16) 45. Nf4 b2 46. Rb1 $16) 39. Nxb7 b3 40. Nc5 b2 41. Rb1 {und Weiß
entscheidet das Rennen für sich, daher gab Kramnik auf.} 1-0